| 000 | 01106nmm a2200421 a 4500 | ||
|---|---|---|---|
| 003 | AR-BaBNM | ||
| 005 | 20251128205404.0 | ||
| 008 | 267019s1991 ||||||||||||||000 | spa|| | ||
| 020 | _a84-87688-02-0 | ||
| 040 | _cAR-BaBNM | ||
| 245 | 1 | 0 |
_aLéxico histórico del Occidente medieval _bla sociedad feudal. 1 |
| 260 |
_aBuenos Aires _bCatriel _bBiblos _c1991 |
||
| 300 | 0 | _a126 p. | |
| 504 | _aBibliografía para consultar p. 119-126. | ||
| 650 | 4 | _aARTE | |
| 650 | 4 | _aHISTORIA MEDIEVAL | |
| 650 | 4 | _aCULTURA | |
| 650 | 4 | _aCIVILIZACION | |
| 650 | 4 | _aPOLITICA | |
| 650 | 4 | _aECONOMIA | |
| 650 | 4 | _aRELIGION | |
| 650 | 4 | _aLITERATURA | |
| 650 | 4 | _aARQUITECTURA | |
| 650 | 4 | _aESCULTURA | |
| 650 | 4 | _aHISTORIOGRAFIA | |
| 650 | 4 | _aCRISTIANISMO | |
| 650 | 4 | _aINVESTIGACION LINGUISTICA | |
| 650 | 4 | _aLINGUISTICA | |
| 653 | 0 | _aTRADUCTORES | |
| 700 | 1 | _aGuglielmi, Nilda | |
| 700 | 1 | _aBotalla, Horacio L. | |
| 700 | 1 | _aEgger de Iolster, Nelly | |
| 700 | 1 | _aGuiance, Ariel | |
| 700 | 1 | _aHomet, raquel | |
| 700 | 1 | _aLópez de Caamaño, Claudia | |
| 942 | _cBK | ||
| 998 | _cmariana | ||
| 999 |
_c11220 _d11220 |
||